[Event "Nicolo La Rosa op 13th"]
[Site "Mazara del Vallo"]
[Date "2005.08.19"]
[Round "1"]
[White "Ljubisavljevic, Zivojin Z"]
[Black "Apollo, Vincenzo"]
[Result "1-0"]
[WhiteElo "2261"]
[BlackElo "1574"]
[PlyCount "37"]
[EventDate "2005.08.19"]
[EventType "swiss"]
[EventRounds "6"]
[EventCountry "ITA"]
[SourceTitle "EXT 2024"]
[Source "ChessBase"]
[SourceDate "2023.10.10"]
[SourceVersion "1"]
[SourceVersionDate "2023.10.10"]
[SourceQuality "1"]

1. c4 e5 2. Nc3 Nf6 3. g3 Nc6 4. Bg2 Bb4 5. Nd5 Bc5 6. e3 0-0 7. Ne2 b6 8. 0-0 Bb7 9. a3 Rb8 10. b4 Bd6 11. Bb2 Re8 12. f4 exf4 13. Nxf6+ gxf6 14. Nxf4 Be7 15. Nh5 Ne5 16. Bxe5 fxe5 17. Bxb7 Rxb7 18. Qf3 Rb8 19. Qxf7+ 1-0